000 01644nam a2200445 i 4500
001 ELB67425
003 FlNmELB
006 m o d |
007 cr cnu||||||||
008 160810s2015 sp ob 001 0 spa d
020 _z9789560102034
020 _a9781512931280 (e book)
035 _a(MiAaPQ)EBC4570567
035 _a(Au-PeEL)EBL4570567
035 _a(CaPaEBR)ebr11231509
035 _a(OCoLC)984803227
040 _aFINmELB
_bspa
_erda
_cFINmELB
050 4 _aF3094
_bB4999 2015
080 _a94(83)
082 0 _a983.04
_223
100 1 _aBerguño Hurtado, Fernando.
245 1 4 _aLos soldados de Napoleón en la independencia de Chile (1817-1830) /
_cFernando Berguño Hurtado.
264 1 _aSantiago de Chile :
_bRIL editores,
_c2015.
300 _a1 recurso en línea (356 páginas)
336 _atexto
_btxt
_2rdacontent/spa
337 _acomputadora
_bc
_2rdamedia/spa
338 _arecurso en línea
_bcr
_2rdacarrier/spa
500 _aContiene índice.
504 _aContiene bibliografía.
588 _aDescripción basada en recurso en línea; Título de la página del título en PDF (e-libro, visto August 10, 2016).
590 _aRecurso electronico. Santa Fe, Arg. : e-libro, 2016. Disponible via World Wide Web. El acceso puede ser limitado para las bibliotecas afiliadas a e-libro.
650 4 _aHistoria.
650 4 _aEjército.
651 0 _aChile
_xHistory
_yWar of Independence, 1810-1824.
651 0 _aChile
_xEjército
_xHistory.
651 4 _aChile.
655 4 _aLibros electrónicos.
797 2 _ae-libro, Corp.
856 4 0 _uhttps://elibro.net/ereader/usam/67425
999 _c152771
_d152771